Shrimp farming development in Asia

Сохранить в:
Библиографические подробности
Формат:
Язык:Undetermined
Опубликовано: Bangkok, Thailand FAO 1988
Предметы:
Метки: Добавить метку
Нет меток, Требуется 1-ая метка записи!
Thư viện lưu trữ: Trung tâm Học liệu Trường Đại học Cần Thơ
LEADER 00443nam a2200157Ia 4500
001 CTU_150678
008 210402s9999 xx 000 0 und d
082 |a 639.63 
082 |b S561 
245 0 |a Shrimp farming development in Asia 
260 |a Bangkok, Thailand 
260 |b FAO 
260 |c 1988 
650 |a Aquaculture,Nuôi trồng thủy sản 
904 |i Trọng Hải 
980 |a Trung tâm Học liệu Trường Đại học Cần Thơ